Online
Catalog
Normal view MARC view

Entry Nombre personal

Number of records used in: 36

001 - NÚMERO DE CONTROL

  • campo de control: 10459

003 - IDENTIFICADOR DEL NÚMERO DE CONTROL

  • campo de control: BNPHU

005 - FECHA Y HORA DE LA ÚLTIMA TRANSACCIÓN

  • campo de control: 20240710123700.0

008 - DATOS DE LONGITUD FIJA

  • campo de control de longitud fija: 200615|| aca||aabn | a|a d

040 ## - FUENTE DE LA CATALOGACIÓN

  • Centro catalogador/agencia de origen: DO-SdBNP
  • Lengua de catalogación: spa
  • Centro/agencia transcriptor: BNPHU
  • Normas de descripción: rda

100 1# - ENCABEZAMIENTO-NOMBRE DE PERSONA

  • Nombre de persona: Martínez Almanzar, Juan Francisco
  • Fechas asociadas al nombre: 1950 -

370 ## - LUGAR ASOCIADO

  • Lugar de nacimiento: República Dominicana

372 ## - CAMPO DE ACTIVIDAD

  • Campo de actividad: Licenciado en Filosofía. PUCMM Universidad de La Habana Especialidad en Historia de la Nación Dominicana desde los Orígenes hasta 1899. UASD Maestría en historia dominicana. UASD Maestría en Docencia y Gestión Universitaria. UCSD.
  • Campo de actividad: Licenciado en Derecho. UTE
  • Campo de actividad: Licenciado en Sociología. UASD
  • Campo de actividad: Licenciado en Derecho. UTE. PG Planeamiento y Administración de Institución de Educación Superior. Universidad de La Habana
  • Campo de actividad: Especialidad en Historia de la Nación Dominicana desde los Orígenes hasta 1899. UASD
  • Campo de actividad: Maestría en historia dominicana. UASD
  • Campo de actividad: Maestría en Docencia y Gestión Universitaria. UCSD.

375 ## - GÉNERO/SEXO

  • Género/Sexo: Masculino

377 ## - LENGUA/LENGUAJE ASOCIADO

  • Código del idioma: spa

400 1# - TRAZADO DE VÉASE--NOMBRE DE PERSONA

  • Nombre de persona: Almánzar, Juan Francisco Martínez

400 1# - TRAZADO DE VÉASE--NOMBRE DE PERSONA

  • Nombre de persona: Martínez, Juan Francisco

670 ## - FUENTE DE DATOS ENCONTRADOS

  • Cita de la fuente: Work cat.: (OSt)3163: Martínez Almanzar, Juan Francisco 1950 -, Apuntes de sociología jurídica., 1998.

670 ## - FUENTE DE DATOS ENCONTRADOS

  • Cita de la fuente: Enriquillo, ídolo de barro, 1986

670 ## - FUENTE DE DATOS ENCONTRADOS

  • Cita de la fuente: Nociones de historia patria, 1983

670 ## - FUENTE DE DATOS ENCONTRADOS

  • Cita de la fuente: Conozcamos el país, 1999

670 ## - FUENTE DE DATOS ENCONTRADOS

  • Identificador Uniforme del Recurso: https://unapec.edu.do/academia/facultad-de-humanidades/docentes/juan-francisco-martinez-almanzar/ Consultado en 10 de Julio de 2024

Powered by Koha